| 000 | 00569nam a2200217 a 4500 | ||
|---|---|---|---|
| 005 | 20210219153354.0 | ||
| 008 | 991125n 000 0 spa u | ||
| 035 | _aUPN01000094584 | ||
| 100 | _aRODDRIGUEZ ANDINO, Milagros | ||
| 222 | _aEDUCACION | ||
| 245 | _aLos programas tutoriales | ||
| 260 | _aCuba | ||
| 300 | _a67-71 | ||
| 362 | _a1991 Año 21, no. 79, ene.-jun. | ||
| 653 | 0 | _aCOMPUTACION EDUCATIVA | |
| 653 | 0 | _aSOFTWARE | |
| 653 | 0 | _aSOFTWARE TUTORIAL | |
| 700 | _aPALOMINO PALOMINO, Magaly, coaut. | ||
| 904 |
_aAC _b032395 |
||
| 905 | _aArticulo | ||
| 999 |
_c75183 _d75183 |
||